header

The theory and practice of online learning (Record no. 74465)

MARC details
000 -LEADER
fixed length control field 01205nam a2200325Ia 4500
245 04 - TITLE STATEMENT
Title The theory and practice of online learning
250 ## - EDITION STATEMENT
Edition statement 2nd ed.
260 ## - PUBLICATION, DISTRIBUTION, ETC. (IMPRINT)
Place of publication Edmonton :
Name of publisher AU Press,
Year of publication c2008.
300 ## - PHYSICAL DESCRIPTION
Number of Pages xii, 472 p. :
Other physical details ill.
650 #0 - SUBJECT ADDED ENTRY--TOPICAL TERM
Topical Term Computer-assisted instruction.
Topical Term Internet in education.
Topical Term Distance education.
700 1# - ADDED ENTRY--PERSONAL NAME
Personal name Anderson, Terry,
856 40 - ELECTRONIC LOCATION AND ACCESS
Uniform Resource Identifier http://site.ebrary.com/lib/rucke/Doc?id=10290419

No items available.

© 2026 Rongo University
Contact us: librarian | system librarian | Rongo university